Discourse on political economy ; (Record no. 27507)
[ view plain ]
| 000 -LEADER | |
|---|---|
| fixed length control field | 01205cam a22003255a 4500 |
| 001 - CONTROL NUMBER | |
| control field | 15635121 |
| 005 - DATE AND TIME OF LATEST TRANSACTION | |
| control field | 20190601134819.0 |
| 008 - FIXED-LENGTH DATA ELEMENTS--GENERAL INFORMATION | |
| fixed length control field | 090223r20081994enk frb 001 0 eng d |
| 010 ## - LIBRARY OF CONGRESS CONTROL NUMBER | |
| LC control number | 2009293524 |
| 020 ## - INTERNATIONAL STANDARD BOOK NUMBER | |
| International Standard Book Number | 9780199538966 |
| 040 ## - CATALOGING SOURCE | |
| Original cataloging agency | DLC |
| Language of cataloging | eng |
| Transcribing agency | DLC |
| Modifying agency | DLC |
| -- | EG-ScBUE |
| 041 1# - LANGUAGE CODE | |
| Language code of text/sound track or separate title | eng |
| Language code of original and/or intermediate translations of text | fre |
| 082 04 - DEWEY DECIMAL CLASSIFICATION NUMBER | |
| Classification number | 320.01 |
| Item number | ROU |
| Edition number | 22 |
| 100 1# - MAIN ENTRY--PERSONAL NAME | |
| Personal name | Rousseau, Jean-Jacques, |
| Dates associated with a name | 1712-1778. |
| 9 (RLIN) | 10456 |
| 240 10 - UNIFORM TITLE | |
| Uniform title | <a href="Discours sur l'oeconomie politique.">Discours sur l'oeconomie politique.</a> |
| Language of a work | English |
| 245 10 - TITLE STATEMENT | |
| Title | Discourse on political economy ; |
| Remainder of title | and, The social contract / |
| Statement of responsibility, etc | Jean-Jacques Rousseau ; translated with introduction and notes by Christopher Betts. |
| 246 18 - VARYING FORM OF TITLE | |
| Title proper/short title | Social contract |
| 260 ## - PUBLICATION, DISTRIBUTION, ETC. (IMPRINT) | |
| Place of publication, distribution, etc | Oxford ; |
| -- | New York : |
| Name of publisher, distributor, etc | Oxford University Press, |
| Date of publication, distribution, etc | 2008. |
| 300 ## - PHYSICAL DESCRIPTION | |
| Extent | xxix, 216 p. ; |
| Dimensions | 19 cm. |
| 490 0# - Series Statement | |
| Series statement | Oxford world's classics |
| 500 ## - GENERAL NOTE | |
| General note | Originally published : 1994. |
| 504 ## - BIBLIOGRAPHY, ETC. NOTE | |
| Bibliography, etc | Includes bibliographical references (p. [xxv]-xxvi) and index. |
| 650 #7 - SUBJECT ADDED ENTRY--TOPICAL TERM | |
| Topical term or geographic name as entry element | Political science. |
| Source of heading or term | BUEsh |
| 650 #7 - SUBJECT ADDED ENTRY--TOPICAL TERM | |
| Topical term or geographic name as entry element | Social contract. |
| Source of heading or term | BUEsh |
| 651 ## - SUBJECT ADDED ENTRY--GEOGRAPHIC NAME | |
| Source of heading or term | BUEsh |
| 653 ## - INDEX TERM--UNCONTROLLED | |
| Resource For college | BAEPS, Political Science |
| -- | Humanities: English |
| Arrived date list | May2019 |
| 700 12 - ADDED ENTRY--PERSONAL NAME | |
| Personal name | Rousseau, Jean-Jacques, |
| Dates associated with a name | 1712-1778. |
| Title of a work | Du contrat social. |
| Language of a work | English. |
| 700 1# - ADDED ENTRY--PERSONAL NAME | |
| Personal name | Betts, Christopher, |
| Relator term | translator. |
| 942 ## - ADDED ENTRY ELEMENTS (KOHA) | |
| Source of classification or shelving scheme | Dewey Decimal Classification |
| Withdrawn status | Item status | Source of classification or shelving scheme | Damaged status | Not for loan | Vendor | Home library | Current library | Shelving location | Date acquired | Source of acquisition | Cost, normal purchase price | Serial Enumeration / chronology | Total Checkouts | Total Renewals | Full call number | Barcode | Date last seen | Date last borrowed | Koha item type |
|---|---|---|---|---|---|---|---|---|---|---|---|---|---|---|---|---|---|---|---|
| Dewey Decimal Classification | Baccah | Central Library | Central Library | First floor | 01/06/2019 | Purchase | 100.00 | 19900 | 3 | 8 | 320.01 ROU | 000047902 | 19/08/2025 | 24/05/2025 | Book - Borrowing |